000 00857cab a2200229 4500
001 ABS51492
008 090401t1994 xxu||||| |||| 00| 0 eng d
035 _a(Sirsi) u30177
041 _aeng
100 _aPowell-Smith, V.P.
245 _aLanguage proves that it can be a barrier
260 _c1994
350 _a0
490 _aContract Journal
_v374(5984) 13 October 1994, 12(1)
520 _aLinks two cases together, "Trafalgar House Construction (Regions) Ltd v General Surety & Guarantee Co Ltd" and "Perar BV v General Surety & Guarantee Co Ltd", in a discussion of performance bonds and the difficulties of legal interpretation caused by obscure phrasing.
650 _aJCT 1981
650 _aON-DEMAND BONDS
650 _aPERFORMANCE BONDS
690 _aBUILT ENVIRONMENT-BUILDING CONTRACT FORMS
942 _n0
948 _c04/03/1997
999 _c20331
_d20331